Musique par lettre - P - Statistiques

Statistiques générales
  • Ce quiz a été pris 189 fois
  • Le résultat moyen est 14 sur 20
Statistiques - réponses
Questions Réponses % Correct
Quelle chanson de Stromae démarre par "Dites-moi d'où il vient, enfin je saurai où je vais" ? Papaoutai
97%
Quelle chanson peut se traduire littéralement par "Pluie Violette" ? Purple Rain
93%
Quel chanteur français, coach mythique de The Voice, est l'interprète de "Savoir Aimer" et "Et un jour, une femme" ? Florent Pagny
89%
Quelle chanson de Lady Gaga évoque les photographes prenant des photos indiscrètes de stars ? Paparazzi
85%
Quelle chanteuse française était surnommée "La Môme" ? Edith Piaf
81%
Pour quoi Céline Dion ira chercher ton coeur, s'inventera reine, se fera nouvelle ? Pour que tu m'aimes encore
79%
Quel chanteur français aux lunettes blanches chante "Love me, please love me" et "Goodbye Marilou" ? Michel Polnareff
77%
Qui a chanté cette chanson ? Prince
76%
Quel groupe a chanté "Partenaire Particulier" en 1985 ? Partenaire particulier
74%
Quel groupe mené par Sting est l'interprète de "Every breath you take" ? The Police
73%
Quelle chanson de Dalida avec Alain Delon évoque le beau parler des hommes, délivrant des belles paroles mais n'agissant pas ? Paroles, Paroles
72%
Quelle chanson du groupe Bandolero débute par "Que bueno, que rico, que lindo" ? Paris Latino
70%
Quelle chanson de Tino Rossi est, depuis 1946, le single le plus vendu en France ? Petit papa noël
66%
Quelle chanteuse est l'interprète de "Just give me a reason" et de "True Love" ? Pink
60%
Quel chanteur français est l'interprète de "Le Zizi" et "Lili" ? Pierre Perret
59%
Quel chanteur humoristique est l'interprète de "Quand il pète il troue son slip" ? Sébastien Patoche
55%
Quelle chanson du groupe LMFAO comporte les paroles "Party rock is in the house tonight" ? Party Rock Anthem
45%
Quel rappeur américain a chanté "Hotel Room Service" ? Pitbull
42%
Quelle chanson triste de Birdy peut se traduire par "Les gens aident les gens" ? People help the people
36%
Quel rappeur français a démarré sa carrière avec "Peur de me tromper" et "Dedans" ? PLK
33%
Aucun quiz correspondant
Distribution des résultats
% des personnes avec chaque résultat
Percentile par nombre de réponses
Votre historique - résultats
Vous n’avez pas pris ce quiz